000 00744nam a22002177a 4500
003 UA-OsUOA
001 45752
007 ta
008 20070510b un ||||| |||| 00| 0 ukr d
100 _aГородянська Л.
090 _a657
_bГ-11
942 _cSA
040 _aUA-OsUOA
_bukr
_cUA-OsUOA
_dUA-OsUOA
245 _aІнтелектуальна власність як нематеріальний об'єкт обліку на підприємстві
300 _aС.41-47
955 _a0
041 _aukr
080 _a657
773 0 _w45747
_tБухгалтерський облік і аудит
_dК.
_d2007
_g4
650 7 _a657 Бухгалтерія. Бухгалтерський облік. Рахівництво
_2UDC
999 _c331850
_d331850